000 00619nam a22001337a 4500
008 090925t xxu||||| |||| 00| 0 eng d
050 _aBS191
_b.R78 1952
245 _aThe Holy Bible
_cRevised Standard Version
260 _aOxford
_bOxford University Press
_c1952
300 _a293p. ;
_c21cm
942 _2lcc
_cBK
999 _c35579
_d35579